000 00719nam a2200217 a 4500
001 000012870
005 20240412074235.0
008 091118s2001 dr a 000 j spa d
020 _z999342354
040 _aDO-SdBNP
_bspa
_cBNPHU
082 _aRD863.44
_bP349h
100 1 _aPeña Nina, Domingo,
_d1948-
_929740
245 1 0 _aHistorias de vida, muerte y lejanas /
_cDomingo Peña Nina.
260 _aSanto Domingo :
_bPeña Nina,
_c2001.
300 _a211 p. :
_bil. ;
_c21 cm.
500 _aIncluye datos biográficos del autor en la contracubierta.
590 _aInventariado, 2020/MAA
650 0 _aCuentos dominicanos
_9176
650 0 _aLiteratura dominicana.
_967
910 _aValidado. Control de calidad MFF
999 _c12518
_d12518